LEADER 01394nam a2200313 u 4500 001 000000038342 003 CaOOAMICUS 005 20070226113851.0 008 980422s1971 it u000 u ita u 035 $a10791704 040 $aPUL(R)$bita 100 1 $aAmodio, Ennio.$0(OLS)http://pul/name/28639 245 13$aLe cautele patrimoniali nel processo penale /$cEnnio Amodio .. 260 $aMilano :$bA. Giuffrè,$c1971. 300 $aiv, 311 p. ;$c25 cm 490 1 $aUniversità degli studi di Milano. Facoltà di giurisprudenza. Serie II. Studi di diritto processuale penale ;$v3 500 $aContiene indici. 504 $aBibliografia in nota. 650 4$aProcedura penale.$0(OLS)http://pul/subject/9185 650 4$aDiritto penale.$0(OLS)http://pul/subject/1808 830 0$aStudi di diritto processuale (Università di Milano. Pubblicazioni della facoltà di giurisprudenza).$nSerie II ;$v3.$0(OLS)http://pul/title/52095 850 $aPUL 852 $aPUL$W1$xSL Diritto e Scienze Sociali 1$y4$m178 E 56$j52257$nBK-PRI$b $qStampati$B52257$CPULBib$Z2$F52257 $H $81 941 1 $a8 960 $aPena (diritto)$91808 960 $aPena (diritto)$91808 961 $aINV: 50405. 996 $6245$aLe cautele patrimoniali nel processo penale$9(OLS)http://pul/title/52094 996 $6260$aMilano :$bA. Giuffrè$9(OLS)http://pul/publisher/48096 LEADER 01483nam a2200277 u 4500 001 000000110293 003 CaOOAMICUS 005 20080304121756.0 008 080304s2000 it ach u000 u ita u 040 $aPUL$bita$dBc 100 1 $aPavone, Sabina.$0(OLS)http://pul/name/62558 245 13$aLe astuzie dei gesuiti :$ble false istruzioni segrete della Compagnia di Gesù e la polemica antigesuita nei secoli XVII e XVIII /$cSabina Pavone ; presentazione di Adriano Prosperi. 260 $aRoma :$bSalerno,$cc2000. 300 $a312 p., [2] c. di tav. ;$bill., ritr., facs. ;$c21 cm. 490 1 $aPiccoli saggi ;$v9 504 $aInclude indici e bibliografia in nota. 610 24$aGesuiti$xStoria$ySec. XVII-XVIII.$0(OLS)http://pul/subject/34108 630 04$aMonita secreta Societatis Iesu.$0(OLS)http://pul/subject/34107 650 4$aLetteratura moderna$xStoria e critica.$0(OLS)http://pul/subject/34105 700 1 $aProsperi, Adriano,$d1939-$0(OLS)http://pul/name/30551 830 0$aPiccoli saggi (Salerno editrice) ;$v9.$0(OLS)http://pul/title/104372 850 $aPUL 852 $aPUL$W1$xSL Religione 3$y85$m271. 53 PAVSA 1$j126330$qDDC 21$B125056$CPULBib$Z2$F125056 $H106568 $82 941 1 $a9 996 $6245$aLe astuzie dei gesuiti :$ble false istruzioni segrete della Compagnia di Gesù e la polemica antigesuita nei secoli XVII e XVIII $9(OLS)http://pul/title/138683 996 $6260$aRoma :$bSalerno$9(OLS)http://pul/publisher/61304